|
|
|
|
| LEADER |
00000nam0a2200000 4500 |
| 001 |
303797 |
| 005 |
20231102001635.0 |
| 020 |
|
|
|a RU
|b 83-21341
|
| 035 |
|
|
|a (RuTPU)RU\TPU\book\329025
|
| 090 |
|
|
|a 303797
|
| 100 |
|
|
|a 20150904d1983 k y0rusy5003 ca
|
| 101 |
0 |
|
|a rus
|
| 102 |
|
|
|a RU
|
| 105 |
|
|
|a a z 001zy
|
| 200 |
1 |
|
|a Защита конструкций от коррозии и применение полимерных материалов в строительстве. Полимерные композиции
|e сборник статей
|f под ред. В. С. Логинова
|
| 210 |
|
|
|a Саратов
|c Изд-во Саратовского ун-та
|d 1983
|
| 215 |
|
|
|a 74 с.
|c ил.
|
| 320 |
|
|
|a Библиография в конце статей
|
| 606 |
|
|
|a Строительные конструкции
|x Защита от коррозии
|2 stltpush
|3 (RuTPU)RU\TPU\subj\57353
|9 75215
|
| 610 |
1 |
|
|a строительство
|
| 610 |
1 |
|
|a полимерные материалы
|
| 610 |
1 |
|
|a применение
|
| 610 |
1 |
|
|a полимерные композиции
|
| 675 |
|
|
|a 691.620.19
|v 3
|
| 702 |
|
1 |
|a Логинов
|b В. С.
|g Василий Сергеевич
|4 340
|
| 801 |
|
0 |
|a RU
|b RuMRKP
|c 19950704
|g psbo
|
| 801 |
|
1 |
|a RU
|b 63413507
|c 20150904
|
| 801 |
|
2 |
|a RU
|b 63413507
|c 20180215
|g RCR
|
| 942 |
|
|
|c BK
|